000 00658cam a2200217 a 4500
001 000014271
005 20200929163542.0
008 780712s1951 fr b 000 0 fre d
040 _aDO-SdBNP
_beng
_cLC
_dBNPHU
082 _a324.244
_bD985p
100 1 _aDuverger, Maurice,
_d1917-
_932226
245 1 4 _aLes partis politiques /
_cMaurice Duverger.
260 _aParis :
_bArmand Colin,
_c1951.
300 _axi, 476 p. :
_bil. ;
_c21 cm.
490 1 _aSciences Politiques
504 _aBibliografía: p. [469]-472.
650 4 _aPartídospolíticos
_zFrancia
_932227
910 _aCatalogación derivada
483 0 _aSciences Politiques
049 _aBNGR
999 _c13867
_d13867